| 000 | 00526nam a22002177a 4500 | ||
|---|---|---|---|
| 999 |
_c6680 _d6680 |
||
| 001 | 6680 | ||
| 003 | BD-JhCC | ||
| 005 | 20180403181718.0 | ||
| 008 | 180128b xxu||||| |||| 00| 0 eng d | ||
| 035 | _a(BD-JhCC)6680 | ||
| 040 |
_aBD-JhCC _dBD-JhCC |
||
| 041 | _aeng | ||
| 082 |
_a574.87 _bPFE 1964 |
||
| 100 | _aPfeiffer, John | ||
| 245 |
_aThe Cell / _cJohn Pfeiffer |
||
| 260 |
_aNew York ; _bTime Incorporated, _c1964. |
||
| 300 |
_a200 p. ; _bills; _c26 cm. |
||
| 650 | _aCytology | ||
| 942 |
_2ddc _cBK |
||